000 02417nam0a22003371 4500
001 rc\2850702
005 20250529204428.0
035 _a(NLR Aleph) 007005791
090 _a5765156
_c5765156
100 _a20110705d1930 |||y0rusy50 ca
101 0 _arus
102 _aRU
105 _aa z |||||
200 1 _aПроизводство железобетонных работ
_fПер. с 4-го нем. изд. под ред. (и с предисл.) проф. Н.А. Кашкарова
210 _aМосква
_cГос. техн. изд-во
_d1930
_eЛенинград
215 _a473, [7] с.
_cчерт.
_d25 см
225 1 _aИнженерно-промышленная библиотека
_fРед. Эмпергер Ф., проф.
_vТ. 3
_aЭнциклопедия железобетонного строительства
327 1 _aСодерж.: Гл. 1. Бурхарн Г. Бетон /Сост. проф. Г. Бурхарн.- Гл. 2. Иордан Е. Бетономешалки /Сост. инж. Е. Иордан.- Гл. 3. Шлуккевио Г. Подача и переработка бетона /Сост. Г. Шлуккевио.- Гл. 4. Шлуккевио Г. Железо и его обработка /Сост. Г. Шлуккевио.- Гл. 5. Раппольд О. Опалубка и подмости /Сост. инж. О. Раппольд
464 0 _12001#$aБетон$fСост. проф. Г. Бурхарн
_1702#1$aБурхарн$bГ.$4220
_tБетон
464 0 _12001#$aБетономешалки$fСост. инж. Е. Иордан
_1702#1$aИордан$bЕ.$4220
_tБетономешалки
464 0 _12001#$aПодача и переработка бетона$fСост. Г. Шлуккевио
_1702#1$aШлуккевио$bГ.$4220
_tПодача и переработка бетона
464 0 _12001#$aЖелезо и его обработка$fСост. Г. Шлуккевио
_1702#1$aШлуккевио$bГ.$4220
_tЖелезо и его обработка
464 0 _12001#$aОпалубка и подмости$fСост. инж. О. Раппольд
_1702#1$aРаппольд$bО.$4220
_tОпалубка и подмости
702 1 _aКашкаров
_bН.А.
_4340
702 1 _aЭмпергер
_bФ.
_4340
801 0 _aRU
_bNLR
_gpsbo
801 1 _aRU
_bELAR
_2rusmarc
852 _aNLR
_j72-7/580(3)
942 _cBOOK
980 _aNB